Statistics for Pokemon Ranger Guardian Signs Browser Quiz

Click here to take the quiz!

General Stats

  • This quiz has been taken 34 times
  • The average score is 239 of 307

Answer Stats

HintAnswer% Correct
208Charizard
100%
206Charmander
100%
207Charmeleon
100%
004Pichu
100%
005Pikachu
100%
006Raichu
100%
298Articuno
94%
014Bulbasaur
94%
057Celebi
94%
286Ho-oh
94%
301Lugia
94%
300Moltres
94%
003Pidgeot
94%
002Pidgeotto
94%
001Pidgey
94%
299Zapdos
94%
009Ampharos
88%
020Azumarill
88%
179Bastiodon
88%
215Camerupt
88%
067Corsola
88%
291Ditto
88%
263Drapion
88%
149Dusclops
88%
150Dusknoir
88%
075Eevee
88%
116Electabuzz
88%
117Electivire
88%
115Elekid
88%
085Empoleon
88%
186Entei
88%
079Espeon
88%
078Flareon
88%
136Gallade
88%
135Gardevoir
88%
082Glaceon
88%
031Hoothoot
88%
015Ivysaur
88%
077Jolteon
88%
134Kirlia
88%
081Leafeon
88%
187Magby
88%
188Magmar
88%
189Magmortar
88%
007Mareep
88%
019Marill
88%
293Mewtwo
88%
055Murkrow
88%
032Noctowl
88%
214Numel
88%
083Piplup
88%
084Prinplup
88%
126Raikou
88%
133Ralts
88%
292Regigigas
88%
221Salamence
88%
072Sharpedo
88%
178Shieldon
88%
262Skorupi
88%
249Suicune
88%
218Tyranitar
88%
080Umbreon
88%
076Vaporeon
88%
016Venusaur
88%
258Abomasnow
81%
S-006Arceus
81%
219Bagon
81%
173Baltoy
81%
137Bidoof
81%
213Blaziken
81%
036Buizel
81%
132Cherrim
81%
131Cherubi
81%
194Chimchar
81%
261Chimecho
81%
260Chingling
81%
064Clamperl
81%
174Claydol
81%
240Cleffa
81%
212Combusken
81%
050Cranidos
81%
044Crobat
81%
091Croconaw
81%
157Cyndaquil
81%
148Duskull
81%
092Feraligatr
81%
008Flaaffy
81%
037Floatzel
81%
200Gabite
81%
201Garchomp
81%
164Gastly
81%
166Gengar
81%
047Geodude
81%
199Gible
81%
107Gligar
81%
108Gliscor
81%
043Golbat
81%
049Golem
81%
066Gorebyss
81%
048Graveler
81%
140Grotle
81%
143Grovyle
81%
165Haunter
81%
056Honchkrow
81%
026Hoppip
81%
267Houndoom
81%
266Houndour
81%
065Huntail
81%
196Infernape
81%
271Kabuto
81%
272Kabutops
81%
061Lanturn
81%
058Lapras
81%
216Larvitar
81%
059Luvdisc
81%
110Magnemite
81%
111Magneton
81%
112Magnezone
81%
282Mamoswine
81%
096Marshtomp
81%
160Misdreavus
81%
161Mismagius
81%
195Monferno
81%
095Mudkip
81%
168Ninetales
81%
127Oddish
81%
281Piloswine
81%
239Politoed
81%
119Porygon-z
81%
217Pupitar
81%
158Quilava
81%
051Rampardos
81%
248Relicanth
81%
181Sandslash
81%
144Sceptile
81%
220Shelgon
81%
231Skarmory
81%
027Skiploom
81%
202Sneasel
81%
033Stantler
81%
053Stunky
81%
011Sunflora
81%
010Sunkern
81%
097Swampert
81%
280Swinub
81%
289Tangrowth
81%
017Teddiursa
81%
155Togekiss
81%
154Togetic
81%
211Torchic
81%
141Torterra
81%
090Totodile
81%
142Treecko
81%
139Turtwig
81%
159Typhlosion
81%
018Ursaring
81%
167Vulpix
81%
203Weavile
81%
104Wobbuffet
81%
204Yanma
81%
205Yanmega
81%
042Zubat
81%
122Aggron
75%
088Aipom
75%
089Ambipom
75%
035Ariados
75%
270Armaldo
75%
120Aron
75%
171Bayleef
75%
224Beldum
75%
138Bibarel
75%
185Bronzong
75%
184Bronzor
75%
145Budew
75%
071Carvanha
75%
170Chikorita
75%
060Chinchou
75%
038Croagunk
75%
256Delibird
75%
S-004Dialga
75%
210Donphan
75%
105Electrike
75%
246Finneon
75%
087Gastrodon
75%
S-003Giratina
75%
128Gloom
75%
295Heracross
75%
102Hitmonchan
75%
101Hitmonlee
75%
103Hitmontop
75%
068Horsea
75%
073Igglybuff
75%
028Jumpluff
75%
070Kingdra
75%
022Kingler
75%
045Koffing
75%
021Krabby
75%
121Lairon
75%
278Latias
75%
279Latios
75%
244Lombre
75%
243Lotad
75%
245Ludicolo
75%
247Lumineon
75%
124Luxio
75%
125Luxray
75%
106Manectric
75%
063Mantine
75%
062Mantyke
75%
172Meganium
75%
226Metagross
75%
225Metang
75%
074Munchlax
75%
175Natu
75%
275Octillery
75%
S-005Palkia
75%
118Porygon2
75%
152Quagsire
75%
274Remoraid
75%
146Roselia
75%
147Roserade
75%
180Sandshrew
75%
069Seadra
75%
254Sealeo
75%
086Shellos
75%
123Shinx
75%
054Skuntank
75%
257Snover
75%
253Spheal
75%
034Spinarak
75%
230Staraptor
75%
229Staravia
75%
228Starly
75%
153Togepi
75%
039Toxicroak
75%
100Tyrogue
75%
129Vileplume
75%
113Voltorb
75%
255Walrein
75%
046Weezing
75%
151Wooper
75%
176Xatu
75%
269Anorith
69%
294Blastoise
69%
296Blissey
69%
098Bonsly
69%
251Buneary
69%
234Chatot
69%
192Combee
69%
233Drifblim
69%
232Drifloon
69%
114Electrode
69%
013Furret
69%
237Granbull
69%
227Happiny
69%
198Hariyama
69%
283Hippopotas
69%
284Hippowdon
69%
029Kricketot
69%
030Kricketune
69%
094Ledian
69%
093Ledyba
69%
252Lopunny
69%
265Lucario
69%
197Makuhita
69%
169Mime Jr
69%
156Mothim
69%
209Phanpy
69%
297Phione
69%
287Rhyperior
69%
264Riolu
69%
012Sentret
69%
S-002Shaymin
69%
109Shuckle
69%
235Smeargle
69%
236Snubbull
69%
099Sudowoodo
69%
193Vespiquen
69%
023Wingull
69%
285Absol
63%
130Bellossom
63%
238Carnivine
63%
242Dodrio
63%
052Dunsparce
63%
288Froslass
63%
241Girafarig
63%
162Glameow
63%
S-001Heatran
63%
250Lickilicky
63%
182Mankey
63%
041Mightyena
63%
025Pachirisu
63%
024Pelipper
63%
040Poochyena
63%
183Primeape
63%
290Probopass
63%
163Purugly
63%
177Sableye
63%
268Slowking
63%
276Tentacool
63%
277Tentacruel
63%
191Forretress
56%
190Pineco
56%
259Smoochum
56%
273Qwilfish
50%
223Scizor
44%
222Scyther
44%

Score Distribution

Percentile by Number Answered

Percent of People with Each Score

Your Score History

You have not taken this quiz